Quetzal Quest (Record no. 6463)
[ view plain ]
| 000 -LEADER | |
|---|---|
| fixed length control field | 00668nam a22002177a 4500 |
| 001 - CONTROL NUMBER | |
| JCCL Control Number | 6463 |
| 003 - CONTROL NUMBER IDENTIFIER | |
| JCCL marc code | BD-JhCC |
| 005 - DATE AND TIME OF LATEST TRANSACTION | |
| control field | 20180127103840.0 |
| 008 - FIXED-LENGTH DATA ELEMENTS--GENERAL INFORMATION | |
| fixed length control field | 180123s1968 -uka|||| |||| 00| 0 eng d |
| 035 ## - SYSTEM CONTROL NUMBER | |
| system control number | (BD-JhCC)6463 |
| 040 ## - CATALOGING SOURCE | |
| Original cataloging agency | BD-JhCC |
| Modifying agency | BD-JhCC |
| 041 ## - LANGUAGE CODE | |
| Language code of Book | eng |
| 082 ## - DEWEY DECIMAL CLASSIFICATION NUMBER | |
| Classification number | 598.2 |
| Author mark and Year | HAG 1968 |
| 100 ## - MAIN ENTRY--PERSONAL NAME | |
| Personal name | Hagen, Victor W. V. |
| 245 ## - TITLE STATEMENT | |
| Title | Quetzal Quest |
| Remainder of title | The story of the capture of the quetzal, the sacred bird of the Aztecs and the Maya / |
| Statement of responsibility, etc | VIctor W. V. Hagen and Quail Hawkins |
| 260 ## - PUBLICATION, DISTRIBUTION, ETC. (IMPRINT) | |
| Place of publication, distribution, etc | London : |
| Name of publisher, distributor, etc | Oxford University Press, |
| Date of publication, distribution, etc | 1968. |
| 300 ## - PHYSICAL DESCRIPTION | |
| Pagination | 103 p. : |
| Other physical details | ill.; |
| Dimensions | 19 cm. |
| 650 ## - SUBJECT ADDED ENTRY--TOPICAL TERM | |
| Topical term or geographic name as entry element | Quetzals |
| General subdivision | Mythology |
| 700 ## - ADDED ENTRY--PERSONAL NAME | |
| Personal name | Hawkins, Quail |
| 942 ## - ADDED ENTRY ELEMENTS (KOHA) | |
| Source of classification or shelving scheme | Dewey Decimal Classification |
| Koha item type | Books |
| Source of classification or shelving scheme | Damaged status | Not for loan | Home library | Current library | Shelving location | Date of accession | Total Checkouts | Full call number | Barcode | Date last seen | Copy number | Koha item type |
|---|---|---|---|---|---|---|---|---|---|---|---|---|
| Dewey Decimal Classification | JCC Rouf Library | JCC Rouf Library | General Stacks | 01/23/2018 | 598.2 HAG 1968 | 8800 | 01/23/2018 | C-1 | Books |